C# [i.e. C Sharp] 2.0 : The Complete Reference /

Contenido: 1. El lenguaje C#: La creación de C#; Descripción de C#; Tipos de datos, literales y variables; Operadores; Oraciones de control del programa; Introducción a las clases y objetos; Arreglos y cadenas; Mirada cercana a los métodos y a las clases; Sobrecarga de operadores; Indexadores y prop...

תיאור מלא

שמור ב:
מידע ביבליוגרפי
מחבר ראשי: Schildt, Herbert (autor)
פורמט: ספר
שפה:אנגלית
יצא לאור: Emeryville, EUA : McGraw-Hill, 2006, c2006
מהדורה:2a edición
נושאים:
תגים: הוספת תג
אין תגיות, היה/י הראשונ/ה לתייג את הרשומה!

MARC

LEADER 00000nam^a2200000^a^4500
001 000185722
005 20250521000000.0
009 20260310102201.906
020 |a 0-07-226209-5 
037 |a Acervo ITESO - Biblioteca 
041 |a ING 
082 |a 005. 133  |b SCH 
100 |a Schildt, Herbert  |e (autor) 
245 1 0 |a C# [i.e. C Sharp] 2.0 :  |b The Complete Reference /  |c H. Schildt. 
250 |a 2a edición 
264 4 |a Emeryville, EUA :  |b McGraw-Hill,  |c 2006, c2006 
300 |a XXI, 890 p. 
336 |a texto  |b txt  |2 rdacontenido 
337 |a sin mediación  |b n  |2 rdamedio 
338 |a volumen  |b nc  |2 rdasoporte 
520 |a Contenido: 1. El lenguaje C#: La creación de C#; Descripción de C#; Tipos de datos, literales y variables; Operadores; Oraciones de control del programa; Introducción a las clases y objetos; Arreglos y cadenas; Mirada cercana a los métodos y a las clases; Sobrecarga de operadores; Indexadores y propiedades; Herencia; Interfaces, estructuras y enumeraciones; Manejo de excepciones; Uso de I/O; Delegación y eventos; Nombres de espacio, el procesador y montajes; Tiempo de corrida tipo ID, reflexión y atributos; Genéricos; Códigos inseguros, tipos de anulación y temas misceláneos; 2. Exploración de la biblioteca de C#: Exploración del sistema del nombre de espacio; Cadenas y formato; Programación multihilos; Colecciones, enumeradores e iteraciones; Trabajo en red a través de Internet; 3. Aplicaciones de C#: Componentes de construcción; Creación de aplicaciones de Windows basadas en la forma; Programa de análisis de la expresión recursiva-descendente; Anexo: Referencia rápida para XML. 
649 |a XX 
650 |a Gráficas por Computadora 
650 |a Interfaz Gráfica de Usuario 
650 |a Multimedia 
650 |a Bases de Datos 
650 |a Proceso Electrónico de Datos 
650 |a Proceso de Datos 
650 |a Sistemas de Información 
650 |a Internet 
650 |a Redes de Computadoras 
650 |a Comunicación en Red 
650 |a Telecomunicaciones 
650 |a Cómputo Distribuido 
650 |a Lenguajes de Programación -  |x Tema Principal 
650 |a Programación Orientada a Objetos 
650 |a Programación (Software) 
650 |a Desarrollo de Sistemas 
650 |a Sistemas Computacionales 
650 |a Ingeniería Computacional 
910 |a Fondo General 
920 |a Impresos - Libros 
930 |a Colección General 
905 |a 101 
901 |a 0500127060  |b IT1  |c ACC  |u 20250521 
901 |a 0500127063  |b IT1  |c ACC  |u 20250521 
902 |a https://opac.biblio.iteso.mx/vufind/Record/000185722